كتاب الألفاظ: الكتابة والتعبير / (رقم التسجيلة. 80690)

تفاصيل مارك
000 -LEADER
fixed length control field 00598nam a22001937a 4500
005 - DATE AND TIME OF LATEST TRANSACTION
control field 20251108172505.0
008 - FIXED-LENGTH DATA ELEMENTS--GENERAL INFORMATION
fixed length control field 250721s9999 xx 000 0 ara d
082 14 - DEWEY DECIMAL CLASSIFICATION NUMBER
Classification number 418.2/مرزم
100 1# - MAIN ENTRY--PERSONAL NAME
Personal name إبن المرزبان الباحث، أبو منصور محمد بن سهل
245 10 - TITLE STATEMENT
Title كتاب الألفاظ: الكتابة والتعبير /
264 1# - PRODUCTION, PUBLICATION, DISTRIBUTION, MANUFACTURE, AND COPYRIGHT NOTICE
Place of production, publication, distribution, manufacture عمان :
300 ## - PHYSICAL DESCRIPTION
Extent 221ص.
650 17 - SUBJECT ADDED ENTRY--TOPICAL TERM
Topical term or geographic name as entry element اللغة العربية
650 17 - SUBJECT ADDED ENTRY--TOPICAL TERM
Topical term or geographic name as entry element التعبير
650 17 - SUBJECT ADDED ENTRY--TOPICAL TERM
Topical term or geographic name as entry element الكتابات
700 1# - ADDED ENTRY--PERSONAL NAME
Personal name قنيبي، حامد صادق
Relator term محقق
942 ## - ADDED ENTRY ELEMENTS (KOHA)
Source of classification or shelving scheme Dewey Decimal Classification
Koha item type كتب
المقتنيات
حالة السحب حالة الفقدان مصدر التصنيف حالة التلف غير قابل للإعارة المكتبة الرئيسية المكتبة الحالية موقع الرف تاريخ التزويد الرقم المتسلسل Total Checkouts رقم الإستدعاء الباركود تاريخ آخر ظهور تاريخ الفاتورة نوع المادة (كوها)
    Dewey Decimal Classification     المكتبة المركزية المكتبة المركزية الإعارة 20/09/2011 [11973]   418.2/مرزم PLD00223879 28/07/2025 20/09/2011 كتب
Implemented & Customized by: BBB with SCIT (Smart Chains for Information Technology)

Powered by Koha